000 00822nam a22002177a 4500
999 _c13833
_d13833
008 190423b ||||| |||| 00| 0 eng d
020 _a9781118384435
082 _22013
_aAV-Eb 304.2
_bJ661
100 _aJohnson,Nuala C.
_938461
245 _aThe wiley-blackwell companion to cultural geography /
_cNuala C. Johnson, Richard H. Schein, and Jamie Winders.
250 _aFirst Edition
260 _bJohn Wiley & Sons, Incorporated,
_c©2013.
300 _a705 pages;
440 _aWiley Blackwell Companions to Geography
_938462
500 _aIncludes index.
650 _aSOCIAL SCIENCE / Human Geography
_938463
700 _a Schein, Richard H.
_938464
700 _aWinders,Jamie.
_938465
856 _yhttps://ebookcentral.proquest.com/lib/uniofmindanao-ebooks/detail.action?docID=1117258
942 _2ddc
_cEB